01465nas a2200289 a 450000100070000000500170000700700030002400800410002704000280006804100080009611000850010424500890018926401040027830000560038231000150043833600270045333700350048033800280051536200320054352001820057565001000075765000690085765500380092694200150096495201790097999900170115825263920250611120015.0ta250501e2000 dr bn|p|r||||||0| | spa d aDO-SdBNPcDO-SdBNPerda hspa aRepública Dominicana. Asociación de Productores de Leche, (Aproleche)987623 aAproleche : revista /cAsociación Dominicana de Productores de Leche, (Aproleche). aSanto Domingo, República Dominicana :bAsociación de Productores de Leche, (Aproleche), c2000. avolumen : bilustraciones, fotografías ; c28 cm. aBimestral. atextobtxt2rdacontent asin mediación bn 2rdamedia avolumenbnc2rdacarrier aVolumen 9, mayo-junio 2000. aLa Asociación de Productores de Leche (Aproleche) se concentra en abastecer, unir y apoyar a los productores de República Dominicano, impulsando la productividad de leche... 948220aAsociación de Productores de LechevPublicaciones periódicaszRepública Dominicana 948221aLechevPublicaciones periódicaszRepública Dominicana 0aPublicaciones periódicas987420 2ddccISSUE 00102ddc4056708SEaBNPHUbBNPHUd2025-05-01hVolumen 9, mayo-junio 2000l0p2025-3912r2025-05-01te.1w2025-05-01yISSUEzParmalat ampliará operaciones en el país.  c58898d58898